000 00467nam a2200181Ia 4500
005 20251219112732.0
008 231207s9999 xx 000 0 und d
020 _a9788125024705
040 _cPK-LaNCA
082 _a791.43
_bKUP
100 _aKupsc, Jarek
245 4 _aThe history of cinema for beginners
260 _bOrient Longman
_aHyderabad
_c2004
300 _a379p
_bill
546 _aEnglish
650 _aMotion pictures--History. FTV.
942 _cF&TV
999 _c20302
_d20302